Trouve le manny parmis tous les manny - Statistiques

Statistiques générales
  • Ce quiz a été pris 36 fois
  • Le résultat moyen est 7 sur 9
Statistiques - réponses
Question Tuile Select % Correct
trouve le bon manny parmis les images Non
91%
trouve le bon manny parmis les images Non
83%
trouve le bon manny parmis les images Non
83%
trouve le bon manny parmis les images Non
80%
trouve le bon manny parmis les images Non
80%
trouve le bon manny parmis les images Oui
74%
trouve le bon manny parmis les images Non
74%
trouve le bon manny parmis les images Non
71%
trouve le bon manny parmis les images Oui
51%
Aucun quiz correspondant
Distribution des résultats
% des personnes avec chaque résultat
Percentile par nombre de réponses
Votre historique - résultats
Vous n’avez pas pris ce quiz